Lo que cuentan los tehuelches /

保存先:
書誌詳細
第一著者: Palermo, Miguel Angel (comp.)
フォーマット: 図書
言語:スペイン語
出版事項: Buenos Aires, Argentina : Editorial Sudamericana, 2001, c1998
版:2a edición
シリーズ:(Cuentamérica)
主題:
タグ: タグ追加
タグなし, このレコードへの初めてのタグを付けませんか!

MARC

LEADER 00000nam^a2200000^a^4500
001 000138343
005 20250521000000.0
009 20260310095425.579
020 |a 950-07-1405-1 
037 |a Acervo ITESO - Biblioteca 
041 |a ESP 
082 |a 898. 39  |b PAL 
100 |a Palermo, Miguel Angel  |e (comp.) 
245 1 0 |a Lo que cuentan los tehuelches /  |c Comp. de M.A. Palermo ; il. de María Rojas. 
250 |a 2a edición 
264 4 |a Buenos Aires, Argentina :  |b Editorial Sudamericana,  |c 2001, c1998 
300 |a 61 p. 
336 |a texto  |b txt  |2 rdacontenido 
337 |a sin mediación  |b n  |2 rdamedio 
338 |a volumen  |b nc  |2 rdasoporte 
440 1 |a (Cuentamérica) 
649 |a XX 
650 |a Literatura Tehuelche 
650 |a Literatura Indígena 
650 |a Literatura Argentina 
650 |a Argentina -  |x Historia -  |y Epoca Prehispánica 
910 |a Fondo General 
920 |a Impresos - Libros 
930 |a Colección General 
940 |a Literatura 
905 |a 101 
901 |a 0500067862  |b IT1  |c LIT  |u 20250521 
902 |a https://opac.biblio.iteso.mx/vufind/Record/000138343